| 000 | 01280nam0a2200337 4500 | ||
|---|---|---|---|
| 001 | RU\NLR\BIBL_A\022362953 | ||
| 005 | 20260420020353.0 | ||
| 010 | _a978-5-0055-5146-7 | ||
| 021 |
_aRU _bКН-П-24-052355 _9КН-П-24-5212 |
||
| 035 | _a(NLR Aleph) 022362953 | ||
| 090 |
_a13668320 _c13668320 |
||
| 100 | _a20241024d2024 u y0rusy50 ca | ||
| 101 | 0 | _arus | |
| 102 | _aRU | ||
| 105 | _aa z 000gy | ||
| 181 | 0 |
_ai _baxxe |
|
| 182 | 0 | _an | |
| 200 | 1 |
_aПрислушайся _eкнига стихотворений _fАлексей Романенко _g[иллюстраторы: Роман Чикин и др.] |
|
| 203 |
_aТекст _bвизуальный _cнепосредственный |
||
| 210 |
_a[Б. м.] _cИздательские решения _d2024 |
||
| 215 |
_a38, [2] с. _cил. _d20 |
||
| 320 | _aДругие кн. авт. на 4-й с. обл. | ||
| 333 | _a16+ | ||
| 686 | 2 | _aШ6(2=Р)8-5 | |
| 700 | 1 |
_aРоманенко _bА. Ю. _f1988– _gАлексей Юрьевич |
|
| 702 | 1 |
_aЧикин _bР. С. _gРоман Сергеевич _4440 |
|
| 942 | _cBOOK | ||
| 980 | _aNB | ||